000
00185 a2200097 4500
020
_a
9780736841436
041
_a
spa
100
_a
Jeri,,s Cipriano
245
_a
Es una regla
942
_c
BK
999
_c
2787
_d
2787